[Event "Sebes Romanian Rapid op"]
[Site "Sebes"]
[Date "2022.12.02"]
[Round "6"]
[White "Creanga, Robert Ionut"]
[Black "Filip, Lucian Ioan"]
[Result "0-1"]
[WhiteElo "2190"]
[BlackElo "2372"]
[PlyCount "154"]
[EventDate "2022.12.02"]
[EventType "swiss (rapid)"]
[EventRounds "8"]
[EventCountry "ROU"]
[SourceTitle "CBM 211 Extra"]
[Source "ChessBase"]
[SourceDate "2023.01.31"]
[SourceVersion "1"]
[SourceVersionDate "2023.01.31"]
[SourceQuality "1"]

1. d4 e6 2. c4 Nf6 3. Nf3 b6 4. g3 Bb4+ 5. Bd2 Be7 6. Bg2 c6 7. Nc3 d5 8. Ne5 0-0 9. 0-0 Bb7 10. Bg5 Nbd7 11. Nxd7 Qxd7 12. Qb3 Ba6 13. cxd5 cxd5 14. Rfc1 Rac8 15. e3 Rc6 16. Bxf6 Bxf6 17. Bf1 Bxf1 18. Rxf1 Rfc8 19. h4 Rc4 20. a4 Be7 21. a5 Rb4 22. Qc2 bxa5 23. Rxa5 Rcb8 24. Ra2 g6 25. Rfa1 R8b7 26. Na4 Rc4 27. Qd1 Bb4 28. Rc1 Rxc1 29. Qxc1 Rc7 30. Qd1 Qb5 31. Ra1 h5 32. Qb3 a6 33. Qd1 Qc4 34. b3 Qb5 35. Rc1 Rb7 36. Rc8+ Kg7 37. Qc2 Bf8 38. Rc6 Qxb3 39. Qxb3 Rxb3 40. Rxa6 Ra3 41. Kg2 Kf6 42. Kf3 Bb4 43. Kg2 Kf5 44. Ra7 Kf6 45. Kf3 Kg7 46. Ra6 Kf6 47. Ra7 Kg7 48. Ra6 Kf8 49. Ra7 Ra2 50. g4 Be1 51. gxh5 gxh5 52. Ra8+ Kg7 53. e4 Rxf2+ 54. Ke3 dxe4 55. Nc5 Rh2 56. Ra7 Kg6 57. Nxe4 Rxh4 58. Nd6 f6 59. Ne4 Rh3+ 60. Ke2 Bh4 61. Ra6 Kf5 62. Nc5 e5 63. dxe5 fxe5 64. Ra8 Rh2+ 65. Kf3 Rf2+ 66. Ke3 Rc2 67. Rf8+ Kg6 68. Nd3 Bf6 69. Ke4 Rc4+ 70. Ke3 Kf5 71. Rf7 h4 72. Rh7 Bg5+ 73. Ke2 Rc2+ 74. Kf1 e4 75. Ne1 Ra2 76. Ng2 Kg4 77. Re7 Bxe7 0-1

[Event "Wch U16"]
[Site "Mamaia"]
[Date "2022.09.07"]
[Round "2"]
[White "Creanga, Robert Ionut"]
[Black "Safarov, Deniel"]
[Result "1-0"]
[WhiteElo "2245"]
[BlackElo "1881"]
[PlyCount "51"]
[EventDate "2022.09.06"]
[EventType "swiss"]
[EventRounds "11"]
[EventCountry "ROU"]
[SourceTitle "CBM 210 Extra"]
[Source "ChessBase"]
[SourceDate "2022.11.30"]
[SourceVersion "1"]
[SourceVersionDate "2022.11.30"]
[SourceQuality "1"]

1. d4 Nf6 2. c4 e6 3. Nc3 Bb4 4. a3 Bxc3+ 5. bxc3 0-0 6. f3 d5 7. cxd5 exd5 8. e3 c5 9. Bd3 b6 10. Ne2 Ba6 11. 0-0 Bxd3 12. Qxd3 Re8 13. Ng3 Nc6 14. Bb2 Rc8 15. Rae1 Qd7 16. e4 dxe4 17. fxe4 Ne5 18. Qd1 Nc4 19. Bc1 cxd4 20. cxd4 Rcd8 21. Nf5 Qb7 22. Bg5 Rxe4 23. Bxf6 gxf6 24. Qd3 Rxe1 25. Qg3+ Kf8 26. Rxe1 1-0

[Event "Poiana Brasov op"]
[Site "Poiana Brasov"]
[Date "2022.07.28"]
[Round "6"]
[White "Creanga, Robert Ionut"]
[Black "Ignat, Matei Marius"]
[Result "1-0"]
[WhiteElo "2199"]
[BlackElo "2055"]
[PlyCount "109"]
[EventDate "2022.07.24"]
[EventType "swiss"]
[EventRounds "9"]
[EventCountry "ROU"]
[SourceTitle "EXT 2023"]
[Source "ChessBase"]
[SourceDate "2022.10.05"]
[SourceVersion "1"]
[SourceVersionDate "2022.10.05"]
[SourceQuality "1"]

1. e4 e6 2. d4 d5 3. Nc3 Bb4 4. e5 c5 5. a3 Bxc3+ 6. bxc3 Ne7 7. Qg4 Qc7 8. Bd3 c4 9. Be2 Qa5 10. Bd2 Nf5 11. h4 Nc6 12. h5 h6 13. a4 Bd7 14. Nf3 0-0-0 15. 0-0 Rdg8 16. Rfb1 a6 17. Be1 g6 18. Nh2 gxh5 19. Qxh5 Rg5 20. Qh3 h5 21. Ra2 Rhg8 22. Bf3 Nd8 23. Nf1 Nc6 24. Ne3 Nce7 25. Nxf5 Nxf5 26. Kf1 Qc7 27. Bd2 R5g7 28. Ke2 h4 29. a5 Qd8 30. Bf4 Bc6 31. Rb6 Qe7 32. Rb1 Qc7 33. Raa1 Kd8 34. Rg1 Kc8 35. Bh5 Qd8 36. g4 hxg3 37. fxg3 Rh7 38. g4 Ng7 39. Qf3 Nxh5 40. gxh5 Rxg1 41. Rxg1 Qxa5 42. h6 Qd8 43. Rg4 Kc7 44. Qg3 Rh8 45. Rg7 Qf8 46. Qg6 Kb6 47. Qf6 Qa3 48. Kd2 Qa2 49. Qxf7 Qb1 50. h7 Qh1 51. Qg8 Qf3 52. Be3 Qf5 53. Qxh8 Ba4 54. Qd8+ Ka7 55. h8Q 1-0

[Event "Veliko Gradiste Silver Lake op-A"]
[Site "Veliko Gradiste"]
[Date "2022.06.26"]
[Round "9"]
[White "Anuj, Shrivatri"]
[Black "Creanga, Robert Ionut"]
[Result "1-0"]
[WhiteElo "2356"]
[BlackElo "2201"]
[PlyCount "83"]
[EventDate "2022.06.19"]
[EventType "swiss"]
[EventRounds "9"]
[EventCountry "SRB"]
[SourceTitle "CBM 209 Extra"]
[Source "ChessBase"]
[SourceDate "2022.09.30"]
[SourceVersion "1"]
[SourceVersionDate "2022.09.30"]
[SourceQuality "1"]

1. Nf3 Nf6 2. g3 e6 3. Bg2 d5 4. 0-0 Be7 5. d3 c5 6. Nbd2 Nc6 7. e4 0-0 8. Re1 Qc7 9. c3 dxe4 10. dxe4 e5 11. Nh4 g6 12. Qe2 Ne8 13. Nhf3 Nd6 14. h4 h5 15. Nf1 Be6 16. N3d2 Bg4 17. Bf3 Bxf3 18. Qxf3 Qd7 19. Ne3 Qe6 20. Nd5 Rac8 21. Nb3 Nc4 22. Qe2 N6a5 23. Nxa5 Nxa5 24. b3 Bd8 25. Bh6 Re8 26. Rad1 a6 27. Rd2 b5 28. Red1 Nb7 29. Kh2 Kh7 30. Be3 Kg7 31. Kg2 Ra8 32. Bg5 f6 33. Be3 Qc6 34. g4 hxg4 35. Qxg4 Rh8 36. Nb4 cxb4 37. Rd7+ Kf8 38. Qxg6 Be7 39. Bh6+ Rxh6 40. Qxh6+ Ke8 41. Qh8+ Bf8 42. Qh5# 1-0